|
|
|
|
| LEADER |
01220nam a2200289 a 4500 |
| 001 |
2067106 |
| 008 |
100112s1994 ctua b 001 0 eng d |
| 010 |
|
|
|a 94002129
|
| 020 |
|
|
|a 1561342955 (recycled paper) :
|c $12.95
|
| 040 |
|
|
|a DLC
|c DLC
|d DLC
|d BD-DhAAL
|
| 082 |
0 |
0 |
|a 306/.0973
|2 20
|
| 245 |
0 |
0 |
|a Taking sides.
|p Clashing views on controversial social issues /
|c edited, selected, and with introductions by Kurt Finsterbusch and George McKenna.
|
| 250 |
|
|
|a 8th ed.
|
| 260 |
|
|
|a Guilford, Conn. :
|b Dushkin Pub. Group,
|c c1994.
|
| 300 |
|
|
|a xx, 396 p. :
|b ill. ;
|c 24 cm.
|
| 504 |
|
|
|a Includes bibliographical references and index.
|
| 541 |
1 |
|
|e 00009673
|
| 651 |
|
0 |
|a United States
|x Social conditions
|y 1980-
|
| 651 |
|
0 |
|a United States
|x Social policy
|y 1980-1993.
|
| 650 |
|
0 |
|a Social conflict
|z United States.
|
| 650 |
|
0 |
|a Social problems.
|
| 700 |
1 |
|
|a Finsterbusch, Kurt,
|d 1935-
|
| 700 |
1 |
|
|a McKenna, George.
|
| 740 |
0 |
|
|a Clashing views on controversial social issues.
|
| 852 |
4 |
|
|a Ayesha Abed Library
|j General Shelf.
|
| 999 |
|
|
|c 6952
|d 6952
|
| 952 |
|
|
|0 0
|1 0
|2 ddc
|4 0
|6 306_097300000000000_TAK_1994
|7 0
|9 7187
|a BRACUL
|b BRACUL
|c GEN
|d 2010-01-13
|l 1
|o 306.0973 TAK
|p 3010009673
|r 2022-04-04
|s 2022-03-28
|t 1
|w 2010-01-13
|y BK
|